The 2000s Bollywood Movies Picture Quiz - Statistics

General Stats
  • This quiz has been taken 79 times
  • The average score is 27 of 40
Answer Stats
Picture Hint Answer % Correct
2001 Kabhi Khushi Kabhie Gham
95%
2009 3 Idiots
92%
2002 Devdas
89%
2001 Lagaan
86%
2007 Om Shanti Om
86%
2007 Jab We Met
85%
2006 Krrish
85%
2003 Kal Ho Naa Ho
84%
2004 Dhoom
81%
2007 Taare Zameen Par
81%
2000 Kaho Naa... Pyaar Hai
79%
2004 Veer-Zaara
79%
2008 Ghajini
78%
2007 Chak De! India
75%
2008 Jodhaa Akbar
75%
2003 Koi... Mil Gaya
75%
2000 Mohabbatein
75%
2008 Rab Ne Bana Di Jodi
74%
2008 Singh Is Kinng
74%
2001 Dil Chahta Hai
73%
2006 Fanaa
73%
2004 Main Hoon Na
70%
2001 Asoka
68%
2006 Kabhi Alvida Naa Kehna
66%
2002 Mujhse Dosti Karoge!
66%
2004 Hum Tum
63%
2003 Baghban
60%
2002 Raaz
59%
2009 Ajab Prem Ki Ghazab Kahani
58%
2009 Love Aaj Kal
58%
2005 Bunty Aur Babli
55%
2006 Rang De Basanti
55%
2009 Billu Barber
48%
2003 Chalte Chalte
47%
2005 No Entry
47%
2000 Dhadkan
45%
2002 Saathiya
41%
2005 Garam Masala
36%
2000 Refugee
30%
2005 Maine Pyaar Kyun Kiya
23%
No matching quizzes found
Score Distribution
Percent of People with Each Score
Percentile by Number Answered
Your Score History
You have not taken this quiz